• 首页
  • 本馆介绍
  • 公告通知
  • 最新文献
  • 馆藏检索
  • 电子资源
  • 读者导购
  • 参考咨询
  • 我的图书馆
  • 登录
  • 详细信息显示
  • 放入我的书架
  • 预约/预借图书
  • 作者相关作品
  • 分类相关作品
  • 丛书相关作品
  • 出版社相关作品

书目信息

  • 表格格式
  • 工作单格式
  • 卡片格式
题名:
高等师范院校汉语言文学专业教学大纲
    
 
作者: ;北京师范大学出版社 编
分册: 上册  
出版信息: 北京   北京师范大学出版社  1984
页数: 386页
开本: 19cm
丛书名:
单 册:
中图分类: H192
科图分类:
主题词: 汉语--语言教学--教学大纲
电子资源:
ISBN:
000 00681nam0 2200193 45
001 0302270832
005 20060519083749.53
010    @dCNY2.55(全二册)
091    @a10243.29
100    @a20030227d1984 km y0chiy0120 ea
101 0  @achi
200 1  @a高等师范院校汉语言文学专业教学大纲@Agao deng shi fan yuan xiao han yu yan wen xue zhuan ye jiao xue da gang@h上册@f北京师范大学出版社编@Fbei jing shi fan da xue chu ban she bian
210    @a北京@c北京师范大学出版社@d1984
215    @a386页@d19cm
606 0  @a汉语@x语言教学@x教学大纲
690    @aH192@v3
711  0 @a北京师范大学出版社@Abei jing shi fan da xue chu ban she@4编
801    @aCN@bTSTC@c20060519
905    @dH192@e56:1
    
    高等师范院校汉语言文学专业教学大纲.上册/北京师范大学出版社编.-北京:北京师范大学出版社,1984
    386页;19cm
    
    
    ISBN :CNY2.55(全二册)
    
●
相关链接 在E读中查询图书 在五车中查询图书 在当当中查询图书 在豆瓣中查询图书


正题名:高等师范院校汉语言文学专业教学大纲     索取号:H192/56:1         预约/预借

序号 登录号 条形码 馆藏地/架位号 状态 备注
1 0123880   000845447   第二样本阅览室/ [索取号:H192/56:1] 在馆    
2 0123881   000845713   第四借阅区/ [索取号:H192/56:1] 在馆    
3 0123882   202172399   密集书库/ [索取号:H192/56:1] 在馆    
4 0123883   001750956   密集书库/ [索取号:H192/56:1] 在馆    
5 0123884   202363986   密集书库/ [索取号:H192/56:1] 在馆    
6 0123885   202302748   密集书库/ [索取号:H192/56:1] 在馆    
7 0123886   202172237   密集书库/ [索取号:H192/56:1] 在馆    
8 0123887   001751483   密集书库/ [索取号:H192/56:1] 在馆    
9 0123888   001777722   密集书库/ [索取号:H192/56:1] 在馆    
10 0123889   202172433   密集书库/ [索取号:H192/56:1] 在馆    
11 0123890   001750830   密集书库/ [索取号:H192/56:1] 在馆    
12 0123891   000845483   第四借阅区/ [索取号:H192/56:1] 在馆    
13 0123892   202302711   密集书库/ [索取号:H192/56:1] 在馆    
14 0123893   202172380   密集书库/ [索取号:H192/56:1] 在馆    
15 0123894   001750876   密集书库/ [索取号:H192/56:1] 在馆    
16 0123895   202347040   密集书库/ [索取号:H192/56:1] 在馆    
17 0123896   001750992   密集书库/ [索取号:H192/56:1] 在馆    
18 0123897   202172353   密集书库/ [索取号:H192/56:1] 在馆    
19 0123898   000845401   第四借阅区/ [索取号:H192/56:1] 在馆    
20 0123899   001777624   密集书库/ [索取号:H192/56:1] 在馆    
21 0123900   202172317   密集书库/ [索取号:H192/56:1] 在馆    
22 0123901   202363940   密集书库/ [索取号:H192/56:1] 在馆    
23 0123902   000845526   第四借阅区/ [索取号:H192/56:1] 在馆    
24 0123903   001750910   密集书库/ [索取号:H192/56:1] 在馆    
25 0123904   000845562   第四借阅区/ [索取号:H192/56:1] 在馆    
26 0123905   202302702   密集书库/ [索取号:H192/56:1] 在馆    
27 0123906   001751429   密集书库/ [索取号:H192/56:1] 在馆    
28 0123907   202172479   密集书库/ [索取号:H192/56:1] 在馆    
29 0123908   202283313   密集书库/ [索取号:H192/56:1] 在馆    
30 0123909   202165003   密集书库/ [索取号:H192/56:1] 在馆    
31 0123910   001999546   第四借阅区/ [索取号:H192/56:1] 在馆    
32 0200721   202253747   密集书库/ [索取号:H192/56:1] 在馆    
33 0200723   202253872   密集书库/ [索取号:H192/56:1] 在馆    
唐山师范学院图书馆 欢迎您!
大连网信软件有限公司© 版权所有